Texto de metodología de la investigación

Bibliographic Details
Main Author: Ruiz Fonseca, Carlos J.
Format: Section = Libro
Language:Undetermined
Spanish
Published: Managua [s.e.] 2010
Subjects:
LEADER 00544nam a2200193Ia 4500
008 240830s9999 xx 000 0 und d
020 |a 978-99924-1-011-0 
040 |a B-ESTELÍ- RUACS / 001.42 R934 
041 |a spa 
082 |a 001.42 R934 
100 1 |a Ruiz Fonseca, Carlos J. 
245 1 0 |a Texto de metodología de la investigación 
260 |a Managua  |b [s.e.]  |c 2010 
300 |a 170 p.. :il. 
650 7 |a METODOS DE INVESTIGACION- ENSEÑANZA 
650 7 |b  TECNICAS DE INVESTIGACION I 
942 |c BK  |2 ddc 
991 |a TEXTO 
999 |c 10507